[Event "Lugano op 23rd"]
[Site "Lugano"]
[Date "2024.11.02"]
[Round "2"]
[White "Abeln, Dirk"]
[Black "Chennaoui, Yasin"]
[Result "0-1"]
[WhiteElo "1826"]
[BlackElo "2184"]
[PlyCount "84"]
[EventDate "2024.11.01"]
[EventType "swiss"]
[EventRounds "5"]
[EventCountry "SUI"]
[SourceTitle "CB45_2024"]
[Source "ChessBase"]
[SourceDate "2024.11.06"]
[SourceVersion "1"]
[SourceVersionDate "2024.11.06"]
[SourceQuality "1"]

1. d4 b6 2. Nf3 Bb7 3. e3 g6 4. Be2 Bg7 5. 0-0 f5 6. c4 Nf6 7. Nc3 0-0 8. b3 e6 9. Bb2 Qe7 10. Nd2 c5 11. Bf3 Nc6 12. d5 Ne5 13. dxe6 dxe6 14. Bxb7 Qxb7 15. Ne2 Nd3 16. Bc3 e5 17. Nf3 Rad8 18. Qc2 e4 19. Ne1 Qc7 20. h3 Rd7 21. Rd1 Rfd8 22. Bxf6 Bxf6 23. Nc3 Nb4 24. Rxd7 Qxd7 25. Qc1 Qd2 26. Qxd2 Rxd2 27. Nd5 Nxd5 28. cxd5 Rxa2 29. f3 Bh4 30. d6 Rd2 31. fxe4 fxe4 32. d7 a5 33. g4 Bxe1 34. Rxe1 Rxd7 35. Rb1 Rd2 36. Kf1 Rh2 37. Rd1 Rh1+ 38. Ke2 Rh2+ 39. Ke1 Rxh3 40. Rd6 Rxe3+ 41. Kf2 Rf3+ 42. Kg2 Rxb3 0-1

[Event "Biel Rapid op 57th"]
[Site "Biel"]
[Date "2024.07.14"]
[Round "3"]
[White "Wilhelm, Marco"]
[Black "Abeln, Dirk"]
[Result "0-1"]
[WhiteElo "1498"]
[BlackElo "1809"]
[PlyCount "139"]
[EventDate "2024.07.14"]
[EventType "swiss (rapid)"]
[EventRounds "9"]
[EventCountry "SUI"]
[SourceTitle "EXT 2025"]
[Source "ChessBase"]
[SourceDate "2024.10.14"]
[SourceVersion "1"]
[SourceVersionDate "2024.10.14"]
[SourceQuality "1"]

1. d4 e6 2. Nf3 Nf6 3. e3 b6 4. Bd3 Bb7 5. b3 c5 6. Bb2 Be7 7. 0-0 0-0 8. Nbd2 cxd4 9. exd4 d5 10. Ne5 Nc6 11. Ndf3 Bd6 12. Qe2 Nb4 13. Bb5 a6 14. Bd3 Nxd3 15. Qxd3 a5 16. c4 dxc4 17. Nxc4 Be7 18. Rac1 Nd5 19. a4 Rc8 20. Ne3 Nxe3 21. Qxe3 Qd5 22. Rxc8 Rxc8 23. Rc1 Rxc1+ 24. Bxc1 Bf6 25. h3 Qd6 26. Bd2 Bd5 27. Qc3 Qd7 28. b4 axb4 29. Qxb4 Bxf3 30. gxf3 Bxd4 31. Bc3 Bc5 32. Qe4 Qd5 33. Qf4 h6 34. Qg4 Qg5 35. Kg2 f5 36. Qxg5 hxg5 37. Kg3 Kf7 38. Be1 e5 39. h4 gxh4+ 40. Kxh4 Kf6 41. Kh5 g6+ 42. Kh4 g5+ 43. Kg3 Kg6 44. Bc3 Bd4 45. Bd2 Kh5 46. Be3 Bxe3 47. fxe3 g4 48. fxg4+ fxg4 49. Kh2 Kh4 50. Kg2 g3 51. Kh1 Kh3 52. Kg1 g2 53. e4 Kg4 54. Kxg2 Kf4 55. Kf2 Kxe4 56. Ke2 Kd4 57. Kd2 e4 58. Ke2 e3 59. Ke1 Kc4 60. Ke2 Kb4 61. Kxe3 Kxa4 62. Kd3 Ka3 63. Kc2 Ka2 64. Kc3 Ka3 65. Kc2 b5 66. Kb1 Kb3 67. Kc1 Ka2 68. Kc2 b4 69. Kc1 b3 70. Kd2 0-1

[Event "Schaffhausen op"]
[Site "Schaffhausen"]
[Date "2023.03.11"]
[Round "2"]
[White "Baudach, Marvin"]
[Black "Abeln, Dirk"]
[Result "0-1"]
[WhiteElo "1895"]
[BlackElo "1592"]
[PlyCount "54"]
[EventDate "2023.03.10"]
[EventType "swiss"]
[EventRounds "5"]
[EventCountry "SUI"]
[SourceTitle "EXT 2024"]
[Source "ChessBase"]
[SourceDate "2023.10.10"]
[SourceVersion "1"]
[SourceVersionDate "2023.10.10"]
[SourceQuality "1"]

1. c4 e5 2. g3 Nf6 3. Nc3 c6 4. d4 e4 5. Bg2 d5 6. e3 Bf5 7. c5 Na6 8. a3 Qd7 9. Nge2 Be7 10. Bd2 Bd8 11. 0-0 h5 12. h4 Ng4 13. f3 exf3 14. Bxf3 Nf6 15. Nf4 g6 16. Qe2 0-0 17. b4 Nc7 18. a4 Ne6 19. b5 Nxf4 20. exf4 Re8 21. Qf2 Ba5 22. Nxd5 Nxd5 23. Bxd5 Bxd2 24. Bxf7+ Qxf7 25. Qxd2 Qd5 26. Rfe1 Rad8 27. Rad1 Bg4 0-1

[Event "Locarno op 7th"]
[Site "Locarno"]
[Date "2022.04.09"]
[Round "2"]
[White "Abeln, Dirk"]
[Black "Hryzlova, Sofiia"]
[Result "0-1"]
[WhiteElo "1694"]
[BlackElo "2097"]
[PlyCount "68"]
[EventDate "2022.04.08"]
[EventType "swiss"]
[EventRounds "5"]
[EventCountry "SUI"]
[SourceTitle "CBM 207 Extra"]
[Source "ChessBase"]
[SourceDate "2022.05.31"]
[SourceVersion "1"]
[SourceVersionDate "2022.05.31"]
[SourceQuality "1"]

1. e4 c5 2. Nf3 d6 3. Bb5+ Nd7 4. 0-0 Ngf6 5. Re1 a6 6. Bf1 b5 7. d4 cxd4 8. Qxd4 e5 9. Qd1 Bb7 10. Bg5 Be7 11. Bxf6 Nxf6 12. Nc3 Rc8 13. Nd2 0-0 14. Bd3 Qd7 15. Nf1 b4 16. Nd5 Nxd5 17. exd5 f5 18. b3 Bf6 19. Bc4 e4 20. Rb1 Bc3 21. Re3 Qf7 22. Ng3 Rce8 23. Ne2 f4 24. Rh3 Bc8 25. Rxc3 bxc3 26. Nd4 Re5 27. Ne6 Bxe6 28. dxe6 Qe7 29. Qd4 Kh8 30. Re1 e3 31. fxe3 fxe3 32. Rxe3 Qg5 33. e7 Rxe7 34. Rxe7 Qc1+ 0-1

[Event "Schaffhausen op"]
[Site "Schaffhausen"]
[Date "2022.03.19"]
[Round "2"]
[White "Abeln, Dirk"]
[Black "Boschetti, Claudio"]
[Result "0-1"]
[WhiteElo "1701"]
[BlackElo "2004"]
[PlyCount "42"]
[EventDate "2022.03.18"]
[EventType "swiss"]
[EventRounds "5"]
[EventCountry "SUI"]
[SourceTitle "CBM 207 Extra"]
[Source "ChessBase"]
[SourceDate "2022.05.31"]
[SourceVersion "1"]
[SourceVersionDate "2022.05.31"]
[SourceQuality "1"]

1. e4 e5 2. Nf3 Nc6 3. Bc4 Bc5 4. c3 Qf6 5. 0-0 d6 6. d4 exd4 7. Bg5 Qg6 8. cxd4 Nxd4 9. Nxd4 Qxg5 10. Nf3 Qh5 11. b4 Bb6 12. e5 Bg4 13. exd6 0-0-0 14. Nbd2 Rxd6 15. Qb3 Nh6 16. Ne4 Rg6 17. Ng3 Bxf3 18. Nxh5 Rxg2+ 19. Kh1 Rg3+ 20. Qxf3 Rxf3 21. Nxg7 Bd4 0-1

[Event "SUI-ch"]
[Site "Graechen"]
[Date "1999.??.??"]
[Round "7"]
[White "Abeln, Dirk"]
[Black "Hochstrasser, Michael"]
[Result "0-1"]
[WhiteElo "1865"]
[BlackElo "2305"]
[PlyCount "66"]
[EventDate "1999.07.??"]
[EventType "swiss"]
[EventRounds "9"]
[EventCountry "SUI"]
[SourceTitle "EXT 2002"]
[Source "ChessBase"]
[SourceDate "2001.11.25"]
[SourceVersion "1"]
[SourceVersionDate "2001.11.25"]
[SourceQuality "1"]

1. e4 e6 2. d4 d5 3. Nc3 Bb4 4. e5 c5 5. a3 Bxc3+ 6. bxc3 Ne7 7. Nf3 b6 8. Bd3 Ba6 9. 0-0 Bxd3 10. cxd3 Qc7 11. a4 0-0 12. Ba3 Nd7 13. Re1 Rfc8 14. Rc1 Ng6 15. h4 cxd4 16. cxd4 Qd8 17. g3 Rxc1 18. Qxc1 Rc8 19. Qd2 Nb8 20. Rc1 Rc6 21. Rxc6 Nxc6 22. h5 Nge7 23. g4 h6 24. Qc3 Qd7 25. Bd6 Nc8 26. Ba3 a6 27. Ne1 N8a7 28. Nc2 a5 29. Qb3 Qd8 30. Bd6 Qh4 31. Ne3 Nxd4 32. Qxb6 Nac6 33. Qb1 Qh3 0-1